000 00319nam a2200133Ia 4500
008 140626s9999 xx 000 0 und d
100 _aZielinski, Dave
245 _aGet to the Source /
_cDave Zielinski.
260 _cc2012.
300 _a57 : 11, page 67
440 _aHR Magazine
521 _aBSBA
942 _cSE
999 _c121501
_d121501